| 000 | 00420nam a2200157Ia 4500 | ||
|---|---|---|---|
| 008 | 230711s9999||||xx |||||||||||||| ||und|| | ||
| 041 | _aENG | ||
| 082 |
_a624 _bPE-C |
||
| 100 | _aPeurifoy,R.L | ||
| 245 | 0 | _aConstruction planning, equipment and method | |
| 250 | _a4th . Ed. | ||
| 260 |
_c1987 _aNew Delhi _bTata McGraw Hill Education Limited |
||
| 650 | _aCivil Engineering | ||
| 700 | _aPeurifoy Robert L | ||
| 942 | _cBK | ||
| 999 |
_c467 _d467 |
||